000 01334cam a22003011i 4500
003 SA-RiAUC
005 20251228073743.0
008 251225s2013 su f f000 0 ara c
020 _a9786038128114
040 _aSA-JeALM
_bara
_cSA-RiAUC.
_erda
041 1 _aara
_hund
050 4 _b.R36125 2013
082 0 4 _a907.2
_qSA-RiAUC
090 _a907.2
_bر ا م
100 1 _aرامبولا، ماري لين
_eمؤلف.
245 1 0 _aدليل الكتابة التاريخية /
_c‏ماري لين رامبولا ؛ ترجمة تركي بن فهد بن عبد الله آل سعود، محمد عبد الله الفريح.
264 1 _aالرياض :‏
_b‏دارة الملك عبد العزيز،
_c2013
300 _a225 صفحة ؛‏
_c22 سم .
336 _aنص
_btxt
_2rdacontent
_3كتاب
337 _aبدون وسيط
_bn
_2rdamedia
490 1 _aكتاب الدارة.
_v‏24
650 7 _aالتاريخ
_xمناهج بحث
_2aucsh
700 1 _aالفريج، محمد بن عبد الله
_eمترجم.
700 1 _aآل سعود، تركي بن فهد بن عبد الله بن عبد الرحمن،
_cأمير السعودية،
_d1945-
_eمترجم.
830 0 _aإصدارات الدارة.
_pكتاب الدارة
_v‏24
942 _2ddc
_cBOOK
_n0
949 _aSA-JeALM
_d251225
_uosman123
_n1
999 _c13735
_d13735